00280nam a2200097Ia 4500008004100000020002200041245004900063260002600112260001000138300003400148191206s9999 xx 000 0 und d a0256025614 (pbk.) 0aOrganizations by design: theory and practice aBusiness Publications cc1981 a"xii, 567 p. : ill. ; 25 cm."